| 000 | 01305pam a2200337 a 4500 | ||
|---|---|---|---|
| 999 |
_c128303 _d128303 |
||
| 001 | 2861364 | ||
| 003 | ARRUPE | ||
| 005 | 20181003102416.0 | ||
| 008 | 851213s1986 enk b 001 0 eng | ||
| 010 | _a 85031327 | ||
| 020 | _a0521323096 | ||
| 040 |
_aDLC _cDLC _dDLC |
||
| 043 |
_ae-gr--- _ae-it--- |
||
| 050 | 0 | 0 |
_aR135.5 _b.K44 1986 |
| 082 | 0 | 0 |
_a220.8/61 _219 |
| 100 | 1 |
_aKee, Howard Clark. _942727 |
|
| 245 | 1 | 0 |
_aMedicine, miracle, and magic in New Testament times / _cHoward Clark Kee. |
| 260 |
_aCambridge [Cambridgeshire] ; _aNew York : _bCambridge University Press, _c1986. |
||
| 300 |
_ax, 170 p. ; _c23 cm. |
||
| 490 | 1 |
_aMonograph series / Society for New Testament Studies ; _v55 |
|
| 500 | _aIncludes indexes. | ||
| 504 | _aBibliography: p. [146]-151. | ||
| 650 | 0 |
_aMedicine in the Bible. _94036 |
|
| 650 | 0 |
_aMedicine, Greek and Roman. _942728 |
|
| 650 | 0 |
_aMiracles. _942729 |
|
| 650 | 0 |
_aMedicine, Magic, mystic, and spagiric. _937376 |
|
| 830 | 0 |
_aMonograph series (Society for New Testament Studies) ; _v55. _942730 |
|
| 856 | 4 | 2 |
_3Publisher description _uhttp://www.loc.gov/catdir/description/cam031/85031327.html |
| 856 | 4 | 1 |
_3Table of contents only _uhttp://www.loc.gov/catdir/enhancements/fy0632/85031327-t.html |
| 906 |
_a7 _bcbc _corignew _d1 _eocip _f19 _gy-gencatlg |
||
| 942 |
_2lcc _cMONOGRAPH |
||